| 000 | 00548nam a2200217Ia 4500 | ||
|---|---|---|---|
| 003 | GCL | ||
| 008 | 140319s9999 xx 000 0 eng d | ||
| 040 |
_aGCL / _cGCL |
||
| 082 | 0 | 4 |
_aCH _b891.7 _bS L |
| 100 | 1 | _aGLAGOLEVA, FINNA | |
| 245 | 1 | 0 |
_aLITTLE SHEGO / _cGLAGOLEVA, FINNA |
| 700 | 1 | _aSAPGIR, G | |
| 700 | 1 | _aSOBOLEV, V | |
| 700 | 1 | _aREPKIN, P | |
| 260 |
_a[S.N] : _bUNION OF SOVIET FILM WORKERS |
||
| 300 | _a20 P | ||
| 650 | 0 | 4 | _aRUSSIAN LITERATURE |
| 650 | 0 | 4 | _aRUSSIA - FICTION |
| 650 | 0 | 4 | _aCHILDREN - FICTION |
| 942 |
_2ddc _cBK |
||
| 999 |
_c15247 _d15247 |
||